Global aspects of classical integrable systems /

Guardado en:
Autor Principal: Cushman, Richard H., 1942-
Otros Autores: Bates, Larry M. 1957-
Formato: Libro
Idioma:English
Publicado: Basel ; Boston : Birkhäuser Verlag, c1997.
Materias:
Etiquetas: Agregar Etiqueta
Sin Etiquetas, Sea el primero en etiquetar este registro!
LEADER 00883cam a2200253 a 4500
001 MAT.inmabb003360
008 961204s1997####sz#a#####b####001#0#eng##
005 20160531132128.0
245 1 0 |a Global aspects of classical integrable systems /  |c Richard H. Cushman, Larry M. Bates. 
260 |a Basel ;  |a Boston :  |b Birkhäuser Verlag,  |c c1997. 
300 |a xvi, 435 p. :  |b il. ;  |c 24 cm. 
504 |a Incluye referencias bibliográficas (p. 411-424) e índice. 
510 4 |a MR,  |c 98a:58083 
020 |a 0817654852 (Boston) 
020 |a 3764354852 (Basel) 
100 1 |a Cushman, Richard H.,  |d 1942- 
700 1 |a Bates, Larry M.  |q (Larry Meredith),  |d 1957- 
650 0 |a Dynamics. 
650 0 |a Hamiltonian systems. 
084 |a 37Jxx  |2 msc2000 
084 |a 58F07 (58-01 70E15 70F05 70H05)  |2 MR 
010 |a  96052345  
040 |a DLC  |c DLC  |d DLC 
859 |h 37  |i C986c  |p A-7551  |b BIB. MATEMATICA